000 00481nam a22001937a 4500
003 MPLRDC
005 20220104142354.0
008 210129b ||||| |||| 00| 0 eng d
020 _a978-7-5640-3778-9
082 _a121.26 FPR c.2
100 _a傅佩荣
245 _a我读《孟子》
_c
250 _a一版一刷
260 _a中国
_b北京理工大学出版社
_c2011
300 _b424
490 _a傅佩荣文集
650 _a孟子
942 _cNB
_o121.26 FPR c.2
999 _c30308
_d30298